LATEST IMPROVEMENTS IN SOLUTION OF THE GEODETIC BOUNDARY VALUE PROBLEM BY THE FINITE VOLUME METHOD

Bibliographic Details
Main Authors: Macák, Marek, 1985- (Author), Mikula, Karol, 1963- (Author), Čunderlík, Róbert (Author), Minarechová, Zuzana, 1981- (Author)
Format: Article
Language:English
ISBN:9788022737807

MARC

LEADER 00000naa a2200000uu 4500
001 vtls011050809
003 SK-MaSNL
005 20260302113406.0
008 210910|2012 xo |||||||||||||||||eng|
015 |a SNBRA 
035 |a (urnnbn)urn:nbn:sk:snk:ar-0097uw 
035 |a (uuid)5d1c3af3-9145-4e7d-9134-9ddfd1aeb45b 
035 |a urn:nbn:sk:snk-aav1b3 
040 |a SNKBUCL  |b slo  |c SNKBUCL  |e AACR2 
041 0 |a eng 
044 |a xo  |c SK 
100 1 |a Macák, Marek,  |d 1985-  |4 aut  |9 162375 
245 1 0 |a LATEST IMPROVEMENTS IN SOLUTION OF THE GEODETIC BOUNDARY VALUE PROBLEM BY THE FINITE VOLUME METHOD  |c Marek Macák, Karol Mikula, Róbert Čunderlík, Zuzana Minarechová 
700 1 |a Mikula, Karol,  |d 1963-  |4 aut  |9 88567 
700 1 |a Čunderlík, Róbert  |4 aut  |9 64854 
700 1 |a Minarechová, Zuzana,  |d 1981-  |4 aut  |9 332477 
773 0 |t Magia 2011 Mathematics, Geometry and their Applications  |d Bratislava : Slovak University of Technology, Faculty of Civil Engineering, 2012  |g S. 14-21  |z 9788022737807 
958 |a OND 
958 |a article12 
958 |a chapter 
999 |c 1255439  |d 1257369